[Event "DVM U16 2012"]
[Site "Naumburg (Saale) GER"]
[Date "2012.12.30"]
[Round "7"]
[White "Koop, Thorben"]
[Black "Noe, Christopher"]
[Result "0-1"]
[Termination "normal"]
[Board "1.1"]
[WhiteElo "2147"]
[BlackElo "2197"]
[WhiteTeam "SV Lingen"]
[BlackTeam "SC Eppingen"]
[WhiteFideId "24661619"]
[BlackFideId "24692018"]
[EventCountry "GER"]
[EventRounds "7"]
[EventType "team-swiss"]
[EventDate "2012.12.26"]

1. Nf3 Nf6 2. g3 b6 3. Bg2 Bb7 4. O-O e6 5. c4 c5 6. d4 Be7 7. Nc3 cxd4 8. Qxd4
O-O 9. Rd1 d6 10. e4 Nbd7 11. Qe3 a6 12. b3 Qc7 13. Ba3 Rac8 14. Rac1 Rfe8 15.
h3 Qb8 16. Rd2 b5 17. Rcd1 bxc4 18. Bxd6 Bxd6 19. Rxd6 cxb3 20. axb3 Rxc3 21.
Qxc3 Nxe4 22. Qb4 Nxd6 23. Qxd6 Nf6 24. Qxb8 Rxb8 25. Rd6 g6 26. Nd2 Bxg2 27.
Kxg2 Ra8 28. Nc4 Kf8 29. Rb6 Ra7 30. Nd6 Nd7 31. Rb4 Rc7 32. Rb7 Rxb7 33. Nxb7
Ke7 34. Kf3 f5 35. Ke3 e5 36. Kd3 Ke6 37. Kc4 g5 38. Nd8+ Kf6 39. Kd5 e4 40.
Nc6 h5 41. Kd4 Ke6 42. Nd8+ Kf6 43. Nc6 Nf8 44. b4 Ne6+ 45. Ke3 h4 46. gxh4
gxh4 47. f3 exf3 48. Kxf3 Ng5+ 49. Kg2 f4 50. Nd4 Ke5 51. b5 axb5 52. Nxb5 f3+
53. Kh2 Ne4 54. Kg1 Kf4 55. Nd4 Kg3 56. Nf5+ Kxh3 57. Ne3 Kg3 58. Nf1+ Kf4 59.
Kh2 Ng3 60. Nd2 Ke3 0-1

[Event "DVM U16 2012"]
[Site "Naumburg (Saale) GER"]
[Date "2012.12.30"]
[Round "7"]
[White "Hahn, Cedric"]
[Black "Oehne, Timo"]
[Result "0-1"]
[Termination "normal"]
[Board "1.2"]
[WhiteElo "1665"]
[BlackElo "1934"]
[WhiteTeam "SC Eppingen"]
[BlackTeam "SV Lingen"]
[WhiteFideId "12910538"]
[BlackFideId "24661635"]
[EventCountry "GER"]
[EventRounds "7"]
[EventType "team-swiss"]
[EventDate "2012.12.26"]

1. d4 g6 2. Nf3 Bg7 3. c4 e6 4. Nc3 Ne7 5. Bf4 d6 6. e3 Nbc6 7. Be2 O-O 8. O-O
h6 9. e4 a6 10. d5 exd5 11. cxd5 Ne5 12. Nxe5 dxe5 13. Be3 Qd6 14. Re1 Bd7 15.
b4 b6 16. Qd2 g5 17. f3 f5 18. Rec1 f4 19. Bf2 h5 20. Qd1 Bh6 21. Rc2 Kh7 22.
a4 Rg8 23. a5 g4 24. Qd3 Rg6 25. axb6 cxb6 26. Rca2 Qf6 27. fxg4 hxg4 28. Rxa6
Rxa6 29. Qxa6 g3 30. hxg3 fxg3 31. Qxb6 Qxb6 32. Bxb6 Rxb6 33. b5 Be3+ 34. Kf1
Rh6 35. Ke1 Nc8 36. Na4 Nb6 37. Nxb6 Bxb6 38. Ra3 Bf2+ 39. Kd2 Rf6 40. Bf3 Kg7
41. Kc2 Kf7 0-1

[Event "DVM U16 2012"]
[Site "Naumburg (Saale) GER"]
[Date "2012.12.30"]
[Round "7"]
[White "Bach, Jannik"]
[Black "Bay, Nicolai"]
[Result "0-1"]
[Termination "normal"]
[Board "1.3"]
[WhiteElo "1877"]
[BlackElo "1688"]
[WhiteTeam "SV Lingen"]
[BlackTeam "SC Eppingen"]
[WhiteFideId "24615900"]
[BlackFideId "12927619"]
[EventCountry "GER"]
[EventRounds "7"]
[EventType "team-swiss"]
[EventDate "2012.12.26"]

1. e4 c5 2. Nf3 d6 3. d4 cxd4 4. Nxd4 Nf6 5. Nc3 a6 6. h3 e5 7. Nde2 h5 8. Bg5
Be7 9. g3 Nbd7 10. Bg2 Qc7 11. O-O b5 12. Qd2 Bb7 13. a3 Rc8 14. Rac1 Qc4 15.
Bxf6 Nxf6 16. b3 Qc5 17. a4 O-O 18. Rfd1 Nh7 19. h4 Nf6 20. axb5 axb5 21. Qd3
b4 22. Nd5 Bxd5 23. exd5 Ng4 24. Rf1 f5 25. c3 e4 26. Qd4 Qxd4 27. cxd4 g5 28.
hxg5 Bxg5 29. Nf4 Bxf4 30. gxf4 Rc3 31. Rxc3 bxc3 32. Rc1 Rc8 33. Bf1 e3 34. f3
Nf2 35. Bc4 Nh3+ 36. Kf1 Nxf4 37. Rxc3 e2+ 38. Kf2 Re8 39. Rc1 Nh3+ 40. Ke1 Nf4
41. Kf2 Nh3+ 42. Ke1 h4 43. Bd3 Nf4 44. Bxf5 Ng2+ 45. Kf2 e1=Q+ 46. Rxe1 Nxe1
47. Be6+ Kg7 48. Kxe1 Rb8 49. Kf2 Kg6 50. f4 Rxb3 51. Kg2 Rg3+ 52. Kf2 Kf6 53.
Bc8 Rd3 54. Be6 Rxd4 55. Kf3 Rd3+ 56. Ke2 Rg3 57. Kf2 Rg7 58. Kf3 Ke7 59. Kf2
Rg3 60. Bf5 Kd8 61. Be6 Kc7 62. f5 Kd8 63. f6 Rg6 64. f7 Ke7 65. Kf3 Rh6 66.
Kg2 Rxe6 67. dxe6 d5 68. Kh3 d4 69. Kxh4 d3 70. Kg5 d2 71. Kg6 d1=Q 72. Kg7
Qg4+ 73. Kh7 Qg5 74. Kh8 Kf8 75. e7+ Kxe7 76. f8=Q+ Kxf8 0-1

[Event "DVM U16 2012"]
[Site "Naumburg (Saale) GER"]
[Date "2012.12.30"]
[Round "7"]
[White "Essig, Philipp"]
[Black "Vonhoff, Nils"]
[Result "0-1"]
[Termination "normal"]
[Board "1.4"]
[WhiteElo "1471"]
[BlackElo "1786"]
[WhiteTeam "SC Eppingen"]
[BlackTeam "SV Lingen"]
[BlackFideId "24692301"]
[EventCountry "GER"]
[EventRounds "7"]
[EventType "team-swiss"]
[EventDate "2012.12.26"]

1. e4 c5 2. c3 d5 3. exd5 Qxd5 4. d4 Nf6 5. Nf3 Bg4 6. Be2 e6 7. h3 Bh5 8. O-O
Be7 9. Be3 cxd4 10. cxd4 O-O 11. Nc3 Qd8 12. Qb3 b6 13. Rfd1 Nd5 14. Nxd5 exd5
15. Rac1 g5 16. Kf1 Kg7 17. Rc3 f5 18. Nxg5 Bxg5 19. Bxg5 Bxe2+ 20. Kxe2 Qd6
21. Rg3 Kh8 22. Kf1 Nc6 23. Rc3 Na5 24. Qc2 Qh2 25. f3 Rae8 26. Qd2 f4 27. Rc7
Nc4 28. Rxc4 dxc4 29. d5 Rf5 30. Qd4+ Kg8 31. Bh6 Rfe5 32. Bxf4 Re1+ 0-1

[Event "DVM U16 2012"]
[Site "Naumburg (Saale) GER"]
[Date "2012.12.30"]
[Round "7"]
[White "Xiong, Ferdinand"]
[Black "Xu, Xianliang"]
[Result "1-0"]
[Termination "normal"]
[Board "2.1"]
[WhiteElo "2002"]
[BlackElo "2055"]
[WhiteTeam "SC Vaterstetten"]
[BlackTeam "SG Porz"]
[WhiteFideId "24654132"]
[BlackFideId "4603230"]
[EventCountry "GER"]
[EventRounds "7"]
[EventType "team-swiss"]
[EventDate "2012.12.26"]

1. e4 c5 2. Nf3 Nc6 3. d4 cxd4 4. Nxd4 g6 5. Nc3 Bg7 6. Be3 Nf6 7. Bc4 O-O 8.
Bb3 a5 9. O-O a4 10. Nxa4 Nxe4 11. f3 Nd6 12. c3 Ne5 13. Qe2 b5 14. Nc5 Qc7 15.
Ne4 Ba6 16. Nxd6 Qxd6 17. Nxb5 Qc6 18. a4 Rab8 19. f4 Rxb5 20. axb5 Bxb5 21.
Qd2 Bxf1 22. Rxf1 Ng4 23. Bd4 Rb8 24. Bd1 Bxd4+ 25. Qxd4 Rxb2 26. Bf3 Qe6 27.
h3 Nf6 28. g4 Qb6 29. Re1 Qxd4+ 30. cxd4 Kf8 31. Rd1 d6 32. Kf1 Nd7 33. Rc1 Rb4
34. Rc8+ Kg7 35. Rc7 Nb6 36. Rb7 e6 37. Bc6 Rb1+ 38. Ke2 Kg8 39. Kd3 Rb2 40.
Be8 f6 41. Bf7+ Kh8 42. Bxe6 Na4 43. Rd7 Rb6 44. g5 fxg5 45. fxg5 Rb8 46. Rxd6
Nb2+ 47. Ke4 Nd1 48. Kd5 Ne3+ 49. Kc6 Nf5 50. Bxf5 gxf5 51. Rf6 Kg7 52. Rxf5
Rb3 53. d5 Rc3+ 54. Kd7 Rxh3 55. d6 Rc3 56. Ke6 Rc6 57. Ke7 Kg6 58. Re5 h5 59.
gxh6 Kxh6 60. d7 1-0

[Event "DVM U16 2012"]
[Site "Naumburg (Saale) GER"]
[Date "2012.12.30"]
[Round "7"]
[White "Eigemann, Frederik"]
[Black "Nitsche-Hahn, Raphael"]
[Result "1-0"]
[Termination "normal"]
[Board "2.2"]
[WhiteElo "2011"]
[BlackElo "1927"]
[WhiteTeam "SG Porz"]
[BlackTeam "SC Vaterstetten"]
[WhiteFideId "24692034"]
[BlackFideId "4613120"]
[EventCountry "GER"]
[EventRounds "7"]
[EventType "team-swiss"]
[EventDate "2012.12.26"]

1. d4 Nf6 2. Bg5 g6 3. Bxf6 exf6 4. e3 Bg7 5. g3 O-O 6. Bg2 d5 7. Ne2 c6 8. Nd2
Be6 9. b3 Qd7 10. Nf4 g5 11. Nd3 Na6 12. h4 Rae8 13. Nf3 Bg4 14. Qd2 h6 15.
hxg5 Bxf3 16. Bxf3 fxg5 17. O-O-O Qd6 18. Kb1 c5 19. c3 c4 20. Nc1 cxb3 21.
axb3 b5 22. b4 Nc7 23. Nb3 Ne6 24. Qd3 a6 25. Qf5 Nc7 26. Nc5 Qg6 27. Bg4 Re7
28. Kb2 Qxf5 29. Bxf5 Ra8 30. Ra1 Ne8 31. Nxa6 Nd6 32. Bd3 Rea7 33. Nc7 Rxa1
34. Rxa1 Rxa1 35. Kxa1 h5 36. Nxd5 f5 37. Ne7+ 1-0

[Event "DVM U16 2012"]
[Site "Naumburg (Saale) GER"]
[Date "2012.12.30"]
[Round "7"]
[White "Schackmann, Oliver"]
[Black "Padva, Leo"]
[Result "1/2-1/2"]
[Termination "normal"]
[Board "2.3"]
[WhiteElo "1908"]
[BlackElo "1750"]
[WhiteTeam "SC Vaterstetten"]
[BlackTeam "SG Porz"]
[WhiteFideId "12905267"]
[BlackFideId "12964379"]
[EventCountry "GER"]
[EventRounds "7"]
[EventType "team-swiss"]
[EventDate "2012.12.26"]

1. e4 c6 2. Nf3 d5 3. Nc3 Bg4 4. h3 Bxf3 5. Qxf3 e6 6. d4 Bd6 7. Be2 Nd7 8. O-O
Rc8 9. Rd1 a6 10. a4 h6 11. Bf1 Ne7 12. Qg4 g6 13. Qf3 Bb8 14. Rb1 dxe4 15.
Nxe4 Nf5 16. c3 Nh4 17. Qe2 Nf6 18. g3 Nxe4 19. Qxe4 Nf5 20. Qc2 Qf6 21. Re1
O-O 22. Bd3 Kh7 23. Bxf5 exf5 24. Qd2 g5 25. b3 Rfe8 26. Ba3 f4 27. g4 Qg6 28.
Rbd1 Re4 29. Rxe4 Qxe4 30. Qd3 Re8 31. Qxe4+ Rxe4 32. Kf1 Kg6 33. d5 cxd5 34.
Rxd5 Be5 35. f3 Re3 36. Bc5 Rxf3+ 37. Ke2 Rxc3 38. Rxe5 Rxb3 39. a5 Rb5 40. Bd4
Rxe5+ 41. Bxe5 f5 42. Kf3 fxg4+ 43. hxg4 h5 44. gxh5+ Kxh5 45. Bc3 Kh4 46. Be1+
Kh3 47. Bf2 Kh2 48. Bd4 Kh3 49. Bc5 Kh4 50. Kg2 Kg4 51. Be7 Kh4 52. Bc5 Kg4 53.
Bf2 Kf5 54. Kh3 g4+ 55. Kh4 g3 56. Bg1 Ke5 57. Kg4 Ke4 58. Bb6 g2 59. Bg1 Kd5
60. Kxf4 Kc6 61. Kg3 Kb5 62. Bb6 g1=Q+ 63. Bxg1 Kxa5 64. Kf3 1/2-1/2

[Event "DVM U16 2012"]
[Site "Naumburg (Saale) GER"]
[Date "2012.12.30"]
[Round "7"]
[White "Spindler, Florian"]
[Black "Frenkel, Maxim"]
[Result "1-0"]
[Termination "normal"]
[Board "2.4"]
[WhiteElo "1616"]
[BlackElo "1859"]
[WhiteTeam "SG Porz"]
[BlackTeam "SC Vaterstetten"]
[WhiteFideId "12964387"]
[BlackFideId "4620909"]
[EventCountry "GER"]
[EventRounds "7"]
[EventType "team-swiss"]
[EventDate "2012.12.26"]

1. d4 d5 2. c4 e6 3. Nc3 f5 4. Bf4 c6 5. e3 Nf6 6. Nf3 Be7 7. Bd3 O-O 8. Qc2
Ne4 9. cxd5 exd5 10. Rc1 Nd7 11. h3 g5 12. Bh2 Ndf6 13. Bxe4 Nxe4 14. Nxe4 dxe4
15. Qc4+ Kg7 16. Be5+ Kg6 17. Nd2 Bd7 18. f4 gxf4 19. Bxf4 Bh4+ 20. g3 Bg5 21.
h4 Bxf4 22. gxf4 Rg8 23. Ke2 Kf6 24. Rcg1 Be6 25. Qc3 Kf7 26. Nc4 Bxc4+ 27.
Qxc4+ Qd5 28. Qb4 b6 29. b3 c5 30. Qb5 Qd6 31. dxc5 1-0

[Event "DVM U16 2012"]
[Site "Naumburg (Saale) GER"]
[Date "2012.12.30"]
[Round "7"]
[White "Carmesin, Matthias"]
[Black "Grimm, Julius"]
[Result "1-0"]
[Termination "normal"]
[Board "3.1"]
[WhiteElo "1979"]
[BlackElo "1850"]
[WhiteTeam "Stader SV"]
[BlackTeam "SV Schachforum Darmstadt 1994"]
[WhiteFideId "4635965"]
[BlackFideId "12916986"]
[EventCountry "GER"]
[EventRounds "7"]
[EventType "team-swiss"]
[EventDate "2012.12.26"]

1. e4 c6 2. d4 d5 3. Nc3 dxe4 4. Nxe4 Bf5 5. Ng3 Bg6 6. Nf3 Nd7 7. Bd3 e6 8.
O-O Ngf6 9. c4 Be7 10. b3 O-O 11. Bb2 Qa5 12. Bxg6 hxg6 13. Qe2 Ba3 14. Rfd1
Rfd8 15. Rd3 Bxb2 16. Qxb2 Qc7 17. Rad1 a5 18. h3 b5 19. Ne5 Nxe5 20. dxe5 Rxd3
21. Rxd3 Nd7 22. Rd6 a4 23. Qd4 axb3 24. axb3 Ra7 25. c5 Nf8 26. Rd8 b4 27. Ne4
Qe7 28. Qd6 Qxd6 29. cxd6 Rd7 30. Rc8 f6 31. Nc5 1-0

[Event "DVM U16 2012"]
[Site "Naumburg (Saale) GER"]
[Date "2012.12.30"]
[Round "7"]
[White "Tibke, Jonas"]
[Black "Vöge, Tobias"]
[Result "0-1"]
[Termination "normal"]
[Board "3.2"]
[WhiteElo "1945"]
[BlackElo "1846"]
[WhiteTeam "SV Schachforum Darmstadt 1994"]
[BlackTeam "Stader SV"]
[WhiteFideId "12928356"]
[BlackFideId "1270513"]
[EventCountry "GER"]
[EventRounds "7"]
[EventType "team-swiss"]
[EventDate "2012.12.26"]

1. e4 c5 2. Nc3 Nc6 3. Bb5 g6 4. Bxc6 bxc6 5. f4 d5 6. d3 Bg7 7. Bd2 Nf6 8. Nf3
O-O 9. O-O e6 10. Kh1 Ba6 11. Rg1 c4 12. Ne5 cxd3 13. cxd3 Rc8 14. Qe1 Nd7 15.
d4 Nxe5 16. fxe5 Qb6 17. Qe3 Bb5 18. exd5 cxd5 19. Nxb5 Qxb5 20. Bc3 Rc4 21.
Rgf1 Qb6 22. Rf6 Bxf6 23. exf6 Kh8 24. Rf1 Qd6 25. Qh6 Rg8 26. Rf3 Qf8 27. Qg5
Rxc3 28. Rxc3 h6 29. Qd2 g5 30. Rc7 Rg6 31. Qa5 Rxf6 32. Kg1 Qd6 33. Qxa7 Qf4
34. h3 Qf1+ 35. Kh2 Rf2 0-1

[Event "DVM U16 2012"]
[Site "Naumburg (Saale) GER"]
[Date "2012.12.30"]
[Round "7"]
[White "Vogt, Marc Jonas"]
[Black "Nothnagel, Marian Can"]
[Result "1/2-1/2"]
[Termination "normal"]
[Board "3.3"]
[WhiteElo "1856"]
[BlackElo "1754"]
[WhiteTeam "Stader SV"]
[BlackTeam "SV Schachforum Darmstadt 1994"]
[WhiteFideId "24695661"]
[BlackFideId "12921530"]
[EventCountry "GER"]
[EventRounds "7"]
[EventType "team-swiss"]
[EventDate "2012.12.26"]

1. e4 e5 2. Nf3 d6 3. d4 exd4 4. Nxd4 Nf6 5. Nc3 Be7 6. Be2 O-O 7. g4 Nc6 8.
Nf5 Bxf5 9. exf5 Nd7 10. Be3 Bg5 11. Qd2 Bxe3 12. Qxe3 Re8 13. Qd2 a6 14. O-O-O
Rb8 15. g5 Nf8 16. Nd5 Ne7 17. Ne3 Nc6 18. Ng4 Rxe2 19. Qxe2 Qxg5+ 20. Ne3 Re8
21. Qc4 Nd7 22. f4 Qf6 23. Nd5 Qd8 24. Rde1 Rxe1+ 25. Rxe1 Kf8 26. Qe2 g6 27.
fxg6 hxg6 28. Qg4 Nf6 29. Qh4 Kg7 30. Ne3 Qh8 31. Qg5 Nd4 32. Qg2 c6 33. c3 Ne6
34. Nf5+ Kf8 35. Nxd6 Qh4 36. Qd2 Nxf4 37. Kb1 b5 38. Ne4 Nd3 39. Re3 Nxe4 40.
Qxd3 Nf6 41. Qd6+ Kg7 42. Re2 Qg4 43. Re1 Qg2 44. Qe5 Qf3 45. a3 a5 46. Qe2
Qf5+ 47. Ka1 a4 48. Rf1 Qd5 49. Qf2 Qd6 50. Qd4 Qe6 51. Kb1 Qe7 52. Ka1 1/2-1/2

[Event "DVM U16 2012"]
[Site "Naumburg (Saale) GER"]
[Date "2012.12.30"]
[Round "7"]
[White "Wiewesiek, Timo"]
[Black "Hammann, Jonas"]
[Result "1-0"]
[Termination "normal"]
[Board "3.4"]
[WhiteElo "1707"]
[BlackElo "1491"]
[WhiteTeam "SV Schachforum Darmstadt 1994"]
[BlackTeam "Stader SV"]
[WhiteFideId "12920193"]
[BlackFideId "12930601"]
[EventCountry "GER"]
[EventRounds "7"]
[EventType "team-swiss"]
[EventDate "2012.12.26"]

1. d4 d5 2. Bf4 Nf6 3. e3 e6 4. Nf3 c5 5. c3 Nc6 6. Be2 Be7 7. O-O O-O 8. Nbd2
a6 9. a4 Bd7 10. dxc5 Bxc5 11. b4 Ba7 12. Qb3 Ne7 13. b5 a5 14. Rab1 b6 15. c4
Rc8 16. Rfc1 Nf5 17. Bd3 g6 18. Bxf5 gxf5 19. Bg5 dxc4 20. Nxc4 Kg7 21. Qb2 Qe7
22. Nce5 Rxc1+ 23. Rxc1 Rd8 24. Nxd7 Rxd7 25. Ne5 Rd5 26. Nc6 Qd7 27. Qxf6+ Kg8
28. Ne7+ 1-0

[Event "DVM U16 2012"]
[Site "Naumburg (Saale) GER"]
[Date "2012.12.30"]
[Round "7"]
[White "Hinrichs, Lars"]
[Black "Hobusch, Jan"]
[Result "1-0"]
[Termination "normal"]
[Board "4.1"]
[WhiteElo "1947"]
[BlackElo "2060"]
[WhiteTeam "Hamburger SK von 1830"]
[BlackTeam "SG Solingen"]
[WhiteFideId "12921769"]
[BlackFideId "12907634"]
[EventCountry "GER"]
[EventRounds "7"]
[EventType "team-swiss"]
[EventDate "2012.12.26"]

1. e4 c6 2. Nf3 d5 3. exd5 cxd5 4. Ne5 Nc6 5. Bb5 Bd7 6. Nxd7 Qxd7 7. d4 e6 8.
O-O Nf6 9. c3 Be7 10. Bf4 O-O 11. Nd2 a6 12. Bd3 b5 13. Nf3 Qb7 14. Ne5 Rfc8
15. g4 Nxe5 16. Bxe5 Nd7 17. Qc2 Nf8 18. Bg3 Qd7 19. Qe2 Bd6 20. f4 Rab8 21. f5
Bxg3 22. hxg3 Qd6 23. Qh2 exf5 24. gxf5 f6 25. g4 Qxh2+ 26. Kxh2 a5 27. Rac1
Nd7 28. Rfe1 Rb6 29. Re6 Rb7 30. Rd6 Nb6 31. b3 Nd7 32. Rxd5 1-0

[Event "DVM U16 2012"]
[Site "Naumburg (Saale) GER"]
[Date "2012.12.30"]
[Round "7"]
[White "Zolfagharian, Kevin"]
[Black "Grötzbach, Daniel"]
[Result "1/2-1/2"]
[Termination "normal"]
[Board "4.2"]
[WhiteElo "1981"]
[BlackElo "1899"]
[WhiteTeam "SG Solingen"]
[BlackTeam "Hamburger SK von 1830"]
[WhiteFideId "12933570"]
[BlackFideId "24692166"]
[EventCountry "GER"]
[EventRounds "7"]
[EventType "team-swiss"]
[EventDate "2012.12.26"]

1. e4 c5 2. Nf3 d6 3. d4 cxd4 4. Nxd4 Nf6 5. Nc3 a6 6. Bg5 e6 7. Qd2 h6 8. Bh4
Nxe4 9. Bxd8 Nxd2 10. Bc7 Nxf1 11. Na4 Nd7 12. Rxf1 b5 13. Nc3 Bb7 14. f3 b4
15. Nce2 Rc8 16. Ba5 d5 17. O-O-O Ne5 18. b3 Bc5 19. Kb2 Kd7 20. c3 bxc3+ 21.
Bxc3 f6 22. Nf4 Bxd4 23. Bxd4 Nc6 24. Bb6 Ne7 25. b4 Nc6 26. Nd3 Rce8 27. a3 e5
28. Nc5+ Kc8 29. Rxd5 Re7 30. Rfd1 Nd4 31. Nxb7 Kxb7 32. Bxd4 exd4 33. R1xd4
Re2+ 34. Rd2 Rhe8 35. Kb3 Rxd2 36. Rxd2 Kc6 37. Kc4 Re1 38. a4 Rc1+ 39. Kb3
Rb1+ 40. Rb2 Re1 41. Kc4 Re5 42. Rd2 Rh5 43. Re2 Rxh2 44. Re6+ Kd7 45. Rxa6
Rxg2 46. Ra5 Rg5 47. Rxg5 fxg5 48. a5 h5 49. b5 h4 50. a6 Kc8 51. Kc5 h3
1/2-1/2

[Event "DVM U16 2012"]
[Site "Naumburg (Saale) GER"]
[Date "2012.12.30"]
[Round "7"]
[White "Nguyen, Gia Huy Philipp"]
[Black "Elbracht, Michael"]
[Result "1/2-1/2"]
[Termination "normal"]
[Board "4.4"]
[WhiteElo "1450"]
[BlackElo "1600"]
[WhiteTeam "SG Solingen"]
[BlackTeam "Hamburger SK von 1830"]
[WhiteFideId "12933597"]
[BlackFideId "12945595"]
[EventCountry "GER"]
[EventRounds "7"]
[EventType "team-swiss"]
[EventDate "2012.12.26"]

1. e4 c5 2. Nf3 e6 3. d4 cxd4 4. Nxd4 a6 5. Nc3 Qc7 6. Be3 Nf6 7. f3 Bb4 8. Qd2
d5 9. Bd3 dxe4 10. fxe4 O-O 11. O-O Ng4 12. Bf4 Bxc3 13. bxc3 e5 14. Bg3 Qc5
15. h3 exd4 16. hxg4 dxc3+ 17. Qf2 Qxf2+ 18. Bxf2 Bxg4 19. Bd4 Rc8 20. Rf4 Be6
21. a4 Nd7 22. a5 Bc4 23. Rf3 Bxd3 24. Rxd3 Nc5 25. Rxc3 Nxe4 26. Re3 f5 27.
Rf1 g6 28. g4 Rc4 29. c3 Nd6 30. Re7 Nb5 31. gxf5 Nxd4 32. cxd4 Rxd4 33. fxg6
Rg4+ 34. Kh2 Rxg6 35. Rff7 h6 36. Rxb7 Rc8 37. Rbc7 Rxc7 38. Rxc7 Rg5 39. Rc6
Rxa5 40. Rxh6 Kf7 41. Kg3 Ke7 42. Kf4 Kd7 43. Ke4 Kc7 44. Kd4 Kb7 45. Rh7+ Kc6
46. Rh6+ Kb5 47. Rh5+ Kb4 48. Rxa5 Kxa5 49. Kc4 Ka4 50. Kc3 Ka3 51. Kc2 Ka2 52.
Kc1 a5 53. Kc2 a4 54. Kc1 a3 55. Kc2 Ka1 56. Kc1 a2 57. Kc2 1/2-1/2

[Event "DVM U16 2012"]
[Site "Naumburg (Saale) GER"]
[Date "2012.12.30"]
[Round "7"]
[White "Oshionwu, Nelo"]
[Black "Peczely, Sebastian Zsombor"]
[Result "0-1"]
[Termination "normal"]
[Board "5.1"]
[WhiteElo "1887"]
[BlackElo "2064"]
[WhiteTeam "KSV Rochade Göttingen"]
[BlackTeam "Schachgemeinschaft Leipzig"]
[WhiteFideId "12913405"]
[BlackFideId "750964"]
[EventCountry "GER"]
[EventRounds "7"]
[EventType "team-swiss"]
[EventDate "2012.12.26"]

1. e4 c5 2. d4 cxd4 3. c3 dxc3 4. Nxc3 Nc6 5. Nf3 d6 6. Bc4 a6 7. O-O Nf6 8. a3
e6 9. Bf4 Be7 10. Qe2 e5 11. Be3 O-O 12. Nd5 Nxd5 13. Bxd5 Bg4 14. h3 Bxf3 15.
gxf3 Bg5 16. Kh1 Bxe3 17. fxe3 Qd7 18. Qg2 Ne7 19. Ba2 g6 20. f4 exf4 21. exf4
Kh8 22. Rfd1 Rac8 23. Rd3 Rc6 24. Rad1 Qc7 25. e5 Nf5 26. Bd5 Rb6 27. Be4 dxe5
28. Rd7 Qb8 29. Bxf5 gxf5 30. Qd5 Rb5 31. Qd3 exf4 32. Rd8 Rxd8 33. Qc3+ Qe5
34. Rxd8+ Kg7 35. Qxe5+ Rxe5 36. Rd2 f3 37. Rf2 Re1+ 38. Kh2 Re2 39. Kg3 Rxf2
40. Kxf2 Kf6 41. Kxf3 Ke5 42. Ke3 f4+ 43. Kf3 Kf5 44. h4 h5 45. a4 a5 0-1

[Event "DVM U16 2012"]
[Site "Naumburg (Saale) GER"]
[Date "2012.12.30"]
[Round "7"]
[White "Kreyssig, Robert"]
[Black "Rosin, Julius"]
[Result "1-0"]
[Termination "normal"]
[Board "5.2"]
[WhiteElo "1991"]
[BlackElo "1840"]
[WhiteTeam "Schachgemeinschaft Leipzig"]
[BlackTeam "KSV Rochade Göttingen"]
[WhiteFideId "4662881"]
[BlackFideId "12909610"]
[EventCountry "GER"]
[EventRounds "7"]
[EventType "team-swiss"]
[EventDate "2012.12.26"]

1. d4 d5 2. c4 e6 3. Nc3 Nf6 4. cxd5 exd5 5. Bg5 c6 6. e3 Be7 7. Bd3 Nbd7 8.
Nge2 O-O 9. Qc2 Re8 10. O-O Ne4 11. Bf4 f5 12. f3 Nxc3 13. Nxc3 g6 14. Nxd5 Nf6
15. Nc7 Nd5 16. Bc4 Kg7 17. Bxd5 cxd5 18. Nxa8 Bd6 19. Nc7 1-0

[Event "DVM U16 2012"]
[Site "Naumburg (Saale) GER"]
[Date "2012.12.30"]
[Round "7"]
[White "Drehwald, Manuel"]
[Black "Waschischeck, Tom"]
[Result "1-0"]
[Termination "normal"]
[Board "5.3"]
[WhiteElo "1799"]
[BlackElo "1642"]
[WhiteTeam "KSV Rochade Göttingen"]
[BlackTeam "Schachgemeinschaft Leipzig"]
[WhiteFideId "12934330"]
[BlackFideId "12931780"]
[EventCountry "GER"]
[EventRounds "7"]
[EventType "team-swiss"]
[EventDate "2012.12.26"]

1. c4 e5 2. Nc3 c6 3. g3 g6 4. Bg2 Bg7 5. d3 d6 6. Nf3 f5 7. O-O Nf6 8. e3 O-O
9. Qc2 Na6 10. a3 Nc7 11. Rb1 Ne6 12. b3 Bd7 13. Bb2 Qe7 14. Nd2 g5 15. Rbe1
Qf7 16. Ne2 Qh5 17. h3 g4 18. h4 f4 19. exf4 exf4 20. f3 fxg3 21. Nxg3 Qc5+ 22.
Kh1 Nf4 23. Re7 Rf7 24. Nde4 Nxe4 25. Nxe4 Qh5 26. Rxf7 Qxh4+ 27. Kg1 Kxf7 28.
fxg4 Qxg4 29. Bxg7 Kxg7 30. Qb2+ Kg6 31. Qf6+ Kh5 32. Rxf4 1-0

[Event "DVM U16 2012"]
[Site "Naumburg (Saale) GER"]
[Date "2012.12.30"]
[Round "7"]
[White "Wildermuth, Tim"]
[Black "Hartogh, Christian"]
[Result "0-1"]
[Termination "normal"]
[Board "5.4"]
[WhiteElo "1601"]
[BlackElo "1706"]
[WhiteTeam "Schachgemeinschaft Leipzig"]
[BlackTeam "KSV Rochade Göttingen"]
[WhiteFideId "12946109"]
[BlackFideId "12949256"]
[EventCountry "GER"]
[EventRounds "7"]
[EventType "team-swiss"]
[EventDate "2012.12.26"]

1. e4 e5 2. Nf3 Nc6 3. d4 exd4 4. Nxd4 Bc5 5. Nf5 Qf6 6. Nc3 Nge7 7. Be3 Nxf5
8. Bxc5 Nfe7 9. Qd2 d6 10. Be3 h6 11. Bc4 Ne5 12. Nd5 Nxd5 13. Bxd5 O-O 14.
O-O-O Rd8 15. Qa5 c6 16. Bb3 Be6 17. Qb4 Bxb3 18. axb3 b5 19. Qc3 c5 20. f3 a5
21. Rd5 a4 22. Bxc5 axb3 23. Ba3 bxc2 24. Rxb5 Rdc8 25. Qd4 Qf4+ 26. Qd2 Nd3#
0-1

[Event "DVM U16 2012"]
[Site "Naumburg (Saale) GER"]
[Date "2012.12.30"]
[Round "7"]
[White "Knopf, Felix"]
[Black "Glatzel, Jonas"]
[Result "0-1"]
[Termination "normal"]
[Board "6.1"]
[WhiteElo "1853"]
[BlackElo "1909"]
[WhiteTeam "SV Merseburg"]
[BlackTeam "Königsspringer Iserlohn 1934"]
[WhiteFideId "24692204"]
[BlackFideId "12937800"]
[EventCountry "GER"]
[EventRounds "7"]
[EventType "team-swiss"]
[EventDate "2012.12.26"]

1. d4 Nf6 2. Nf3 g6 3. c4 Bg7 4. Nc3 d6 5. e4 O-O 6. Be2 e5 7. O-O Nc6 8. d5
Ne7 9. Ne1 Nd7 10. Nd3 f5 11. f3 f4 12. Bd2 g5 13. b4 Nf6 14. c5 h5 15. Nf2 Rf7
16. cxd6 cxd6 17. Rc1 Kh8 18. Nb5 Neg8 19. Qc2 g4 20. Nc7 Rb8 21. Ne6 Qb6 22.
Kh1 g3 23. hxg3 fxg3 24. Nh3 Re7 25. Nhg5 Nh7 26. Qb3 Bxe6 27. Nxe6 Rxe6 28. f4
Rg6 29. f5 Qd8 30. f6 Ngxf6 31. Qf3 Nxd5 32. Qxh5 Nf4 33. Bxf4 exf4 0-1

[Event "DVM U16 2012"]
[Site "Naumburg (Saale) GER"]
[Date "2012.12.30"]
[Round "7"]
[White "Dröttboom, Tobias"]
[Black "Feuerherdt, Martin"]
[Result "1/2-1/2"]
[Termination "normal"]
[Board "6.2"]
[WhiteElo "1682"]
[BlackElo "1803"]
[WhiteTeam "Königsspringer Iserlohn 1934"]
[BlackTeam "SV Merseburg"]
[WhiteFideId "12946133"]
[BlackFideId "12910341"]
[EventCountry "GER"]
[EventRounds "7"]
[EventType "team-swiss"]
[EventDate "2012.12.26"]

1. d4 d5 2. Nf3 Nf6 3. Bf4 c5 4. e3 Nc6 5. c3 Qb6 6. Qc1 cxd4 7. exd4 Bf5 8.
Nbd2 h6 9. Be2 e6 10. O-O Be7 11. h3 O-O 12. Bd1 a6 13. Bc2 Qd8 14. Bxf5 exf5
15. Re1 g5 16. Be5 Ne4 17. Nxe4 fxe4 18. Nh2 f6 19. Bg3 f5 20. f4 Bd6 21. Qe3
Qc7 22. Rf1 Ne7 23. Rf2 Ng6 24. Raf1 gxf4 25. Bxf4 Bxf4 26. Rxf4 Nxf4 27. Rxf4
Rf6 28. Ng4 Raf8 29. Nxf6+ Rxf6 30. Qf2 Qf7 31. g4 Qg6 32. Kg2 Kg7 33. Kg3 fxg4
34. hxg4 b5 35. Rxf6 Qxf6 36. Qf4 Qxf4+ 37. Kxf4 Kf6 38. b3 Ke6 39. c4 bxc4 40.
bxc4 dxc4 41. Kxe4 Kd6 42. a4 a5 43. d5 c3 44. Kd3 c2 45. Kxc2 Kxd5 46. Kd3 Kc5
47. Kc3 1/2-1/2